The microbiology of terrestrial ecosystems
Guardat en:
| Autor principal: | |
|---|---|
| Format: | Llibre |
| Idioma: | anglès |
| Publicat: |
Harlow
Longman Scientific and Technical
1987
|
| Matèries: | |
| Etiquetes: |
Afegir etiqueta
Sense etiquetes, Sigues el primer a etiquetar aquest registre!
|
MARC
| LEADER | 00000nam a2200000 a 4500 | ||
|---|---|---|---|
| 001 | UCW0369 | ||
| 003 | CL-VaPUC | ||
| 008 | 881004e19870000UK |||||||||||||||||eng|d | ||
| 082 | 0 | 4 | |a 576.15 |b RIC |2 21 |
| 100 | 0 | |a Richards, B. N |e author |9 304293 | |
| 245 | 1 | 4 | |a The microbiology of terrestrial ecosystems |
| 300 | |a 399 p | ||
| 942 | |c BK | ||
| 945 | |d 19881004 00:00:00 | ||
| 260 | |a Harlow |b Longman Scientific and Technical |c 1987 | ||
| 650 | 7 | |a MICROBIOLOGIA DE SUELOS |2 CL-VaPUC |9 269509 | |
| 650 | 0 | |a Ecología del suelo |9 269510 | |
| 583 | |a last modification |c 20120528 09:04:36 |k Rodrigo Vera | ||
| 999 | |c 215561 |d 215559 | ||
| 952 | |0 0 |1 0 |4 0 |6 576_150000000000000_RIC_1987 |7 0 |8 A |9 199933 |a BIBCUR |b BIBCUR |d 2019-11-14 |i 3188248 |o 576.15 RIC 1987 |p 3188248 |r 2025-04-22 |w 2019-11-14 |y BK |k BCB | ||